A Paulai Szent Vinczéről nevezett szatmári anyaházhoz tartozó Irgalmas Nővérek vezetése alatt álló rozsnyói r. kath. leánynevelő-inzézet értesitője az ... tanévről

Bibliographic Details
Format: Serial
Language:Hungarian
PhysicalDescription:21 cm
Subjects:

MARC

LEADER 00000nas a22000002 4500
001 vtls012287894
003 SK-MaSNL
005 20260228160051.0
008 251124d18uu19uuxo ar 0 b0hun
040 |a SNK  |b slo  |c SNK  |e rda 
041 0 |a hun 
043 |a e-xo--- 
044 |a xo  |c SK 
072 7 |a 37  |x Výchova a vzdelávanie  |2 konspekt 
080 |a 373/378.018.56  |2 2011 
080 |a 272/279  |2 2011 
080 |a 373/377-055.25  |2 2001 
080 |a (437.672.118.165)  |2 2011 
080 |a (058)  |2 2011 
245 0 2 |a A Paulai Szent Vinczéről nevezett szatmári anyaházhoz tartozó Irgalmas Nővérek vezetése alatt álló rozsnyói r. kath. leánynevelő-inzézet értesitője az ... tanévről 
264 3 |a Rozsnyó  |b Kovács Mihály Könyvnyomdája 
300 |c 21 cm 
310 |a 1x ročne 
336 |a text  |b txt  |2 rdacontent 
337 |a bez média  |b n  |2 rdamedia 
338 |a zväzok  |b nc  |2 rdacarrier 
500 |a Súčasťou názvových údajov je označenie školského roku 
588 |a Popis podľa: Školský rok 1892/93 
610 2 7 |a Rímskokatolícka cirkev  |2 SNKKA  |9 32394 
650 0 7 |a cirkevné školy  |2 SNKPH  |9 4074 
650 0 7 |a dievčenské školy  |2 SNKPH  |9 86901 
650 0 7 |a Church schools  |2 SNKPHeng  |9 265050 
650 0 7 |a Girls' schools  |2 SNKPHeng  |9 265896 
651 7 |a Rožňava (Slovensko)  |2 SNKPHgeo  |9 17394 
651 7 |a Rožňava (Slovakia)  |2 SNKPHeng  |9 265899 
655 7 |a ročenky  |2 SNKPH  |9 57146 
655 7 |a Yearbooks  |2 SNKPHeng  |9 120938 
752 |a Slovensko  |d Rožňava 
999 |c 1285  |d 3215 
952 |0 0  |1 0  |4 0  |7 0  |8 5  |a SNK  |b SNK  |d 2025-11-24  |i snkF 1642/82  |l 0  |o snkČSC 2696/1892-1893  |p 17A0978751  |r 2026-02-21 20:09:47  |w 2026-02-21  |y PREZ